000 00300nam a22001337a 4500
008 171027b xxu||||| |||| 00| 0 eng d
020 _a0716704676
041 _aeng
080 _26 ED
_a311
100 _a55
101 _aSTA
245 _aINTRODUCTION AND STATISTICS
_cALDER.R
942 _2udc
_cBK
999 _c36027
_d36027